Statystyki dla Państwa kończące się na -nia

Kliknij tutaj aby rozwiązać quiz!

Ogólne statystyki

  • Ten quiz został rozwiązany 26 100 razy
    (25 885 od ostatniego zresetowania)
  • Średni wynik to 7 z 13

Statystyki odpowiedzi

Państwo% Poprawnych
Hiszpania
76%
Dania
62%
Albania
60%
Japonia
55%
Słowenia
55%
Estonia
54%
Rumunia
53%
Wielka Brytania
50%
Tanzania
49%
Kenia
46%
Armenia
37%
Mauretania
32%
Jordania
27%

Rozkład punktacji

Percentyl według liczby udzielonych odpowiedzi

Procent ludzi z każdym wynikiem

Twoja historia wyników

Nie rozwiązałeś tego quizu od ostatniego zresetowania